Statystyki dla Fiszki

Kliknij tutaj aby rozwiązać quiz!

Ogólne statystyki

  • Ten quiz został rozwiązany 5 razy
  • Średni wynik to 1 z 9

Statystyki odpowiedzi

HintOdpowiedź% Poprawnych
gazowanasparkling
40%
niegazowanastill
40%
szatnialocker room
20%
magazynwarehouse
20%
wojna (gra karciana)a snap
0%
kroplówkadrip
0%
Przepraszam, gdzie jest najbliższa toaleta?Excuse me, do you mind telling me where the nearest ladies' room is, please?
0%
togarobe
0%
kranówkatap water
0%

Rozkład punktacji

Percentyl według liczby udzielonych odpowiedzi

Procent ludzi z każdym wynikiem

Twoja historia wyników

Nie rozwiązałeś tego quizu